| 000 | 00452nam a22001697a 4500 | ||
|---|---|---|---|
| 003 | OSt | ||
| 008 | 200706b ||||| |||| 00| 0 eng d | ||
| 020 | _a9788123912660 | ||
| 100 | _a Garg, Gobind Rai | ||
| 245 | _aExperimental Pharmacology For Undergraduate Students | ||
| 250 | _a2016 | ||
| 260 |
_aNew Delhi _bCBS Publishers & Distributors Pvt. Ltd. |
||
| 300 | _aPg. 158 | ||
| 650 | _aPharmacology | ||
| 700 | _aArya, Saurabh | ||
| 942 |
_2ddc _cBK |
||
| 999 |
_c8710 _d8710 |
||